| 000 | 01702nam0a2200385 4500 | ||
|---|---|---|---|
| 001 | RU\NLR\bibl\260001 | ||
| 005 | 20250620125644.0 | ||
| 010 |
_a5-8046-0190-3 _95000 |
||
| 021 |
_aRU _b2001-61024 _92976 |
||
| 035 | _a(NLR Aleph) 000255671 | ||
| 090 |
_a1492629 _c1492629 |
||
| 100 | _a20020419d2002 |||y0rusy50 ca | ||
| 101 | 0 | _arus | |
| 102 |
_aRU _aUA _aBY |
||
| 105 | _aa ||||||||| | ||
| 200 | 1 |
_aМатематические методы исследования операций в экономике _eУчеб. пособие _fП.В. Конюховский |
|
| 210 |
_aСПб. и др. _cПитер _cПитер бук _d2002 |
||
| 215 |
_a207 с. _cил. _d21 |
||
| 225 | 1 |
_aКраткий курс _eКк |
|
| 320 | _aБиблиогр.: с. 206-207 | ||
| 606 | 0 |
_aИсследование операций _jРуководства, пособия и т.п. для высшей школы _xПрименение в экономике _92184227 _3RU\NLR\auth\661313294 |
|
| 606 | 0 |
_aИсследование операций _jУчебные издания для высшей школы _xПрименение в экономике _92184227 _3RU\NLR\auth\661313294 |
|
| 610 | 0 | _aОпераций исследование (мат.) | |
| 610 | 0 | _aЭкономика - Математические методы | |
| 675 |
_a519.876.5(042.3) _v3 _zrus |
||
| 686 |
_a27.47 _2rugasnti |
||
| 686 |
_a22.18 _2rubbk |
||
| 686 | _aУ.в611.4я73 | ||
| 700 | 1 |
_aКонюховский _bП. В. _gПавел Владимирович _4070 |
|
| 801 | 0 |
_aRU _bRKP _c20020419 _gPSBO |
|
| 801 | 1 |
_aRU _bRKP _c20020419 |
|
| 801 | 2 |
_aRU _bNLR _c20020531 _grcr |
|
| 942 | _cBOOK | ||
| 980 | _aNB | ||